000 00535nam a2200169 i 4500
001 86943
003 ES-MaACL
005 20230906175545.0
007 t|
008 041216s1942 gw ||||1| ger d
100 1 _aKommerell, Max.
_968541
245 1 0 _aGeits und buchstabe der dichtung
_b: Goethe, Schiller, Keist, Holdenlin /
_cMax Kommerell.
250 _a2e ed. durch. und verm.
260 _aFrankfurt am Main :
_bVittorio Klostermann,
_c1942 (
_fH. Laupp)
300 _a314 p. ;
_c19 cm.
852 _aES-MaACL
_jF-16338
_bR.21100
999 _c86943
_d86943